Collateral warranties v third party rights (Record no. 79725)

MARC details
000 -LEADER
fixed length control field 01177cad a22002295a 4500
001 - CONTROL NUMBER
control field L142097
008 - FIXED-LENGTH DATA ELEMENTS--GENERAL INFORMATION
fixed length control field 080123e20080117xxk f 000 0 eng d
035 ## - SYSTEM CONTROL NUMBER
System control number (Sirsi) u142097
041 0# - LANGUAGE CODE
Language code of text/sound track or separate title eng
100 1# - MAIN ENTRY--PERSONAL NAME
Personal name Keeley, Andrew
245 00 - TITLE STATEMENT
Title Collateral warranties v third party rights
Medium [electronic resource]
260 ## - PUBLICATION, DISTRIBUTION, ETC.
Date of publication, distribution, etc. 2008
490 ## - SERIES STATEMENT
Series statement RICS Feature
Volume/sequential designation 17 January 2008
520 ## - SUMMARY, ETC.
Summary, etc. Outlines the use of collateral warranties and third party rights in the construction arena. Explains what collateral warranties are, the standard forms of collateral warranties, and the positive and negative aspects. Suggests the use of third party rights as a simpler alternative to collateral warranties, but also notes that third party rights need to be embraced by the industry to be effective.
590 ## - LOCAL NOTE (RLIN)
Local note KA
650 24 - SUBJECT ADDED ENTRY--TOPICAL TERM
Topical term or geographic name entry element CONTRACTS (RIGHTS OF THIRD PARTIES) ACT 1999
651 #4 - SUBJECT ADDED ENTRY--GEOGRAPHIC NAME
Geographic name United Kingdom
Chronological subdivision
690 ## - LOCAL SUBJECT ADDED ENTRY--TOPICAL TERM (OCLC, RLIN)
Topical term or geographic name as entry element BUILT ENVIRONMENT-CONSTRUCTION MANAGEMENT-BUILDING CONTRACT ADMINISTRATION
710 2# - ADDED ENTRY--CORPORATE NAME
Corporate name or jurisdiction name as entry element Charles Russell LLP
9 (RLIN) 5345
856 40 - ELECTRONIC LOCATION AND ACCESS
Uniform Resource Identifier <a href="https://www.rics.org/RICSWEB/getpage.aspx?p=aVvaapz4Mk2THcdGH6TYig">https://www.rics.org/RICSWEB/getpage.aspx?p=aVvaapz4Mk2THcdGH6TYig</a>
Public note View the article free of charge at www.rics.org...
942 ## - ADDED ENTRY ELEMENTS (KOHA)
Suppress in OPAC 0
Holdings
Withdrawn status Lost status Source of classification or shelving scheme Damaged status Not for loan Home library Current library Shelving location Date acquired Total Checkouts Full call number Barcode Date last seen Copy number Price effective from Koha item type
    Dewey Decimal Classification     Virtual Virtual Online 23/01/2008   ONLINE PUBLICATION 142097-2001 06/08/2019 1 06/08/2019 Journal article